Труды Вятской сельско-хозяйственной опытной станции (Запись № 5507828)
[ простой вид ]
| 000 -МАРКЕР | |
|---|---|
| контрольное поле | 01725nam1a2200265 i 4500 |
| 001 - ИДЕНТИФИКАТОР ЗАПИСИ | |
| контрольное поле | rc\2819967 |
| 005 - ИДЕНТИФИКАТОР ВЕРСИИ | |
| контрольное поле | 20260408081213.0 |
| 035 ## - ДРУГИЕ СИСТЕМНЫЕ НОМЕРА | |
| Идентификатор записи | (NLR Aleph) 006978452 |
| 100 ## - ДАННЫЕ ОБЩЕЙ ОБРАБОТКИ | |
| Данные общей обработки | 20110621d1927 km|y0rusy50 ca |
| 101 0# - ЯЗЫК РЕСУРСА | |
| Язык текста, звукозаписи и т.д. | русский |
| 102 ## - СТРАНА ПУБЛИКАЦИИ ИЛИ ПРОИЗВОДСТВА | |
| Страна публикации | Российская Федерация |
| 105 ## - ПОЛЕ КОДИРОВАННЫХ ДАННЫХ: ТЕКСТОВЫЕ МАТЕРИАЛЫ, МОНОГРАФИЧЕСКИЕ | |
| Кодированные данные о монографическом текстовом документе | | z ||||| |
| 200 1# - ЗАГЛАВИЕ И СВЕДЕНИЯ ОБ ОТВЕТСТВЕННОСТИ | |
| Основное заглавие | Труды Вятской сельско-хозяйственной опытной станции |
| Сведения, относящиеся к заглавию | сборник статей |
| Первые сведения об ответственности | Н. К. З. |
| Последующие сведения об ответственности | под общей редакцией С. П. Орлова |
| 210 ## - ПУБЛИКАЦИЯ, РАСПРОСТРАНЕНИЕ И ДР. | |
| Место издания, распространения и т.д. | Вятка |
| Имя издателя, распространителя и т. д. | издание Вятской Областной Сел.-Хоз. Опытной Станции |
| Дата издания, распространения и т.д. | 1927 |
| 215 ## - ФИЗИЧЕСКАЯ ХАРАКТЕРИСТИКА | |
| Размеры | 25 |
| 300 ## - ОБЩИЕ ПРИМЕЧАНИЯ | |
| Текст примечания | В 1917-1926 гг. "Труды ..." не издавались. Вместо них выходили "Сообщения". С Вып. 2 (45) 1927 г. изд. выходят в сер. "Труды..." (в РНБ шифры разные). Валовая нумерация вып. с учетом всех изд. ВОСХОС |
| 309 ## - ПРИМЕЧАНИЯ ОБ ОСНОВНОМ ИСТОЧНИКЕ ИНФОРМАЦИИ И ОБ ОСОБЕННОСТЯХ ПОЛИГРАФИЧЕСКОГО ОФОРМЛЕНИЯ ИЗДАНИЯ | |
| Текст примечания | Вып. 1915-1916 гг. ненумер. (в РНБ см. шифр Зем 10/263) |
| 518 1# - ЗАГЛАВИЕ В СТАНДАРТНОМ СОВРЕМЕННОМ ПРАВОПИСАНИИ | |
| Основное заглавие, вариант заглавия или унифицированное заглавие | Труды Вятской сельскохозяйственной опытной станции |
| 702 #1 - ИМЯ ЛИЦА - ВТОРИЧНАЯ ОТВЕТСТВЕННОСТЬ | |
| Код отношения | Редактор |
| Графика поля | Кириллица |
| Материалы, к которым относится поле | rus |
| Начальный элемент ввода | Орлов |
| Часть имени, кроме начального элемента ввода | С. П. |
| Дополнения к именам, кроме дат | агрохимик |
| Даты | 1887- |
| Расширение инициалов личного имени | Сергей Петрович |
| Системный номер авторитетной/нормативной записи | 267186 |
| Идентификатор авторитетной/нормативной записи | RU\NLR\AUTH\770267242 |
| 710 02 - НАИМЕНОВАНИЕ ОРГАНИЗАЦИИ - ПЕРВИЧНАЯ ОТВЕТСТВЕННОСТЬ | |
| Начальный элемент ввода | Северо-Восточная областная сельскохозяйственная опытная станция |
| Идентифицирующий признак | Киров |
| Системный номер авторитетной/нормативной записи | 880010 |
| Идентификатор авторитетной/нормативной записи | RU\NLR\AUTH\880608159 |
| 712 01 - НАИМЕНОВАНИЕ ОРГАНИЗАЦИИ - ВТОРИЧНАЯ ОТВЕТСТВЕННОСТЬ | |
| Код отношения | Прочие |
| Начальный элемент ввода | СССР |
| Структурное подразделение | Народный комиссариат здравоохранения |
| Системный номер авторитетной/нормативной записи | 735628 |
| Идентификатор авторитетной/нормативной записи | RU\NLR\AUTH\8810118377 |
| 852 ## - МЕСТОНАХОЖДЕНИЕ И ШИФР ХРАНЕНИЯ | |
| Идентификатор организации | NLR |
| Шифр хранения (Call Number) | 37/3891 |
| 942 ## - ДОПОЛНИТЕЛЬНЫЕ ЭЛЕМЕНТЫ ЗАПИСИ (АБИС) | |
| Тип экземпляра АБИС | Книга |
Нет доступных экземпляров.